000
00308nam a2200133Ia 4500
008
240624s9999 xx 000 0 und d
041
_a
eng
082
_a
658.8 DAW
100
_a
IACOBUCCI DAWN
245
_a
KELLOGG ON MARKETING
260
_c
2001
_a
New York
_b
John Wiley
300
_a
xx, : 427
365
_c
RS
999
_c
1380
_d
1380